000 00414nam a2200157Ia 4500
008 230312s9999||||xx |||||||||||||| ||und||
020 _a81-203-2843-4
082 _a658.3
_bGOV
100 _aGovindarajan M
245 0 _aPrinciples of Managem
260 _bPrentice Hall
_aIndia
_c2005
300 _a189
546 _aEng.
650 _aManagement
_vlevel of managements,managerial role,planning proces
942 _cBK
999 _c782
_d782